Pramínek : všelijaké písničky pro kluky a holčičky /

Hlavní autor: Strnadová, Jana
Jazyk: Čeština
Vydáno: Praha : ArchArt, 2015
Vydání: 2. vydání
Témata:
Fyzický popis: 1 zpěvník (59 stran) : ilustrace ; 30 cm
Hudebniny Hudebniny
Uloženo v:
LEADER 02288ncm a2200529 i 4500
001 nkc20152689897
003 CZ PrNK
005 20171106131400.0
007 qu
008 150330s2015 xr sga g nn n cze
015 |a cnb002689897 
020 |a 978-80-86638-19-5  |q (brožováno) 
040 |a BOA001  |b cze  |d ABA001  |e rda 
043 |a e-xr--- 
045 |a y-y- 
048 |b vu01  |a ka01 
048 |b vu01  |a ka01  |a pz 
072 7 |a 784  |x Vokální hudba  |2 Konspekt  |9 9 
080 |a 784.67  |2 MRF 
080 |a 784.67-053.2  |2 MRF 
080 |a 78.089.6  |2 MRF 
100 1 |a Strnadová, Jana  |7 mzk2015866627  |4 aut  |4 cmp  |4 lyr 
245 1 0 |a Pramínek :  |b všelijaké písničky pro kluky a holčičky /  |c Jana Strnadová 
250 |a 2. vydání 
264 1 |a Praha :  |b ArchArt,  |c 2015 
300 |a 1 zpěvník (59 stran) :  |b ilustrace ;  |c 30 cm 
336 |a zápis hudby  |b ntm  |2 rdacontent 
337 |a bez média  |b n  |2 rdamedia 
338 |a svazek  |b nc  |2 rdacarrier 
382 0 1 |a zpěv  |n 1  |a klavír  |n 1  |a bicí nástroj  |v Orffův instrumentář 
382 0 1 |a zpěv  |n 1  |a klavír  |n 1  |s 2 
505 0 0 |t Pramínek --  |t Pro šikovné jazýčky --  |t Víla --  |t Podzimní --  |t Malovaná písnička --  |t Houpačka --  |t Drak --  |t Polštářek --  |t Klubíčka --  |t Zvědavá kočička --  |t Zimní --  |t Mourek --  |t Kočka kočičí --  |t Malý spáč --  |t Sportovní --  |t Malířka --  |t Lodička --  |t Strom --  |t Malá varhanice --  |t Past na myši --  |t Kapela --  |t Záhada --  |t Narozeninová --  |t Mravencova cesta --  |t Škola volá 
648 7 |a 21. století  |7 ch460559  |2 czenas 
650 0 7 |a dětské písně  |7 ph119736  |z Česko  |y 21. století  |2 czenas 
650 0 9 |a children's songs  |z Czechia  |y 21st century  |2 eczenas 
655 7 |a dětské písně  |7 fd1097491  |2 czenas 
655 7 |a partitury  |7 fd185981  |2 czenas 
655 9 |a children's songs  |2 eczenas 
655 9 |a scores  |2 eczenas 
910 2 |a BOA001  |b Mus4-1345.269 
990 |a MU 
995 |a 01 
991 |b 201504  |c NOV 
925 |a zpěv, klavír, bicí nástroj [Orffův instrumentář]  |b V, Pf, Perc 
925 |a zpěv, klavír  |b V, Pf 
996 6 |b 2610628222  |c Mus4-1345.269  |l MZK  |r Sklad / do 1 hodiny  |n 2  |p p.v.  |w 001498704  |u 000010  |a 1  |e BOA001  |j MZK50  |s P 
996 7 |b 2610633989  |c Mus4-1345.269  |l MZK  |r Sklad / do 1 hodiny  |n 5  |p kup  |w 001498704  |u 000020  |a 1  |e BOA001  |j MZK50  |s A